000 00598nam a22002177a 4500
003 OSt
005 20160830130419.0
008 160830b xxu||||| |||| 00| 0 eng d
020 _a9781444174250
040 _cDMLN
082 _aWP18 B656e 2015
100 _aBottomley, Cecelia; Rymer, Janice
_910935
245 _a100 Cases in Obstetrics and Gynaecology
250 _a2nd ed.
260 _aBoca Raton; CRC Press, 2015
300 _axiv,297p; col.ill: 24cm
504 _aIndex included
650 _aMCQs in Obstetrics
_910936
650 _aCases in Gynaecology
_910937
942 _2z
_cB_BANK
999 _c5101
_d5101